000
00234nam a2200097Ia 4500
001
712045
005
20250826162820.0
008
250824s9999 xx 000 0 und d
245
0
_a
RÜYA YOLCUSU
_c
NAZLI ERAY
260
_b
EVEREST YAYINLARI
999
_c
712045
_d
712045